Ochrana spotrebiteľa pri predaji vkladových produktov bakalárska práca

Uložené v:
Podrobná bibliografia
Hlavný autor: Hamran, Dušan
Korporativný autor: Obchodná fakulta EU. Katedra obchodného práva
Ďalší autori: Veterníková, Mária, 1964-
Médium: Kniha
Jazyk:Slovak
Vydavateľské údaje: Bratislava 2025
Tagy: Pridať tag
Žiadne tagy, Buďte prvý, kto otaguje tento záznam!

MARC

LEADER 00000nbm a2200000 4500
001 0311106
005 20251120085454.0
041 0 |a slo 
044 |a SK 
245 1 0 |a Ochrana spotrebiteľa pri predaji vkladových produktov  |b bakalárska práca  |c Dušan Hamran ; školiteľ: Mária Veterníková 
264 1 |a Bratislava  |c 2025 
300 |a 49 s. 
100 1 |a Hamran, Dušan 
700 1 |a Veterníková, Mária, 1964- 
710 2 |a Obchodná fakulta EU. Katedra obchodného práva